The housing report (Record no. 114242)

MARC details
000 -LEADER
fixed length control field 01567cad a22002415a 4500
001 - CONTROL NUMBER
control field L156406
008 - FIXED-LENGTH DATA ELEMENTS--GENERAL INFORMATION
fixed length control field 120517s201 xxk f 000 0 eng d
035 ## - SYSTEM CONTROL NUMBER
System control number (Sirsi) u156406
041 0# - LANGUAGE CODE
Language code of text/sound track or separate title eng
110 2# - MAIN ENTRY--CORPORATE NAME
Corporate name or jurisdiction name as entry element Chartered Institute of Housing
9 (RLIN) 2394
245 04 - TITLE STATEMENT
Title The housing report
Remainder of title Edition 2 May 2012
Medium [electronic resource]
260 ## - PUBLICATION, DISTRIBUTION, ETC.
Place of publication, distribution, etc. London
Name of publisher, distributor, etc. CIH
-- NHF
-- Shelter
Date of publication, distribution, etc. 2012
505 2# - FORMATTED CONTENTS NOTE
Formatted contents note Introduction --Summary of findings -- Housing Supply -- Planning -- Overcrowding -- Homelessness -- Evictions, repossessions and arrears -- Help with housing costs -- Empty homes -- Mobility -- Affordability of private rented sector -- Homeownership -- Conclusions -- Appendix
520 ## - SUMMARY, ETC.
Summary, etc. Critises the Coalition Government for failing to meet its agreed housing objectives of housing supply, planning, overcrowding, homelessness, evictions, repossessions and arrears, help with housing costs, empty homes, mobility, affordability of private rented sector and homeownership. It is particularly critical of how it dealing with housing supply, affordability of the private rented sector and homelessness. Highlights the pressure the housing market is under and the need to increase the supply of new homes to meet demand both for rent and purchase.
590 ## - LOCAL NOTE (RLIN)
Local note KA NTK
651 #4 - SUBJECT ADDED ENTRY--GEOGRAPHIC NAME
Geographic name England and Wales
Chronological subdivision 1543-
690 ## - LOCAL SUBJECT ADDED ENTRY--TOPICAL TERM (OCLC, RLIN)
Topical term or geographic name as entry element Residential property
9 (RLIN) 6266
690 ## - LOCAL SUBJECT ADDED ENTRY--TOPICAL TERM (OCLC, RLIN)
Topical term or geographic name as entry element Affordable housing
9 (RLIN) 6215
710 1# - ADDED ENTRY--CORPORATE NAME
Corporate name or jurisdiction name as entry element National Housing Federation
9 (RLIN) 695
710 1# - ADDED ENTRY--CORPORATE NAME
Corporate name or jurisdiction name as entry element Shelter
9 (RLIN) 2788
856 40 - ELECTRONIC LOCATION AND ACCESS
Uniform Resource Identifier <a href="https://www.cih.org/housingreport">https://www.cih.org/housingreport</a>
Public note View the item free of charge at www.cih.org
942 ## - ADDED ENTRY ELEMENTS (KOHA)
Suppress in OPAC 0
Holdings
Withdrawn status Lost status Source of classification or shelving scheme Damaged status Not for loan Home library Current library Shelving location Date acquired Total Checkouts Full call number Barcode Date last seen Copy number Price effective from Koha item type
    Dewey Decimal Classification     Virtual Virtual Online 17/05/2012   ONLINE PUBLICATION 156406-2001 06/08/2019 1 06/08/2019 Book